El niño y el joven: motores del desarrollo
Saved in:
| Main Authors: | , , , |
|---|---|
| Format: | Bog |
| Sprog: | spansk |
| Udgivet: |
Buenos Aires
Paidós
1972
|
| Serier: | Biblioteca del Educador Contemporáneo, 157
|
| Fag: | |
| Tags: |
Tilføj Tag
Ingen Tags, Vær først til at tagge denne postø!
|
MARC
| LEADER | 00000nam a2200000 a 4500 | ||
|---|---|---|---|
| 001 | UCY7686 | ||
| 003 | CL-VaPUC | ||
| 008 | 950616e19720000AG |||||||||||||||||spa|d | ||
| 082 | 0 | 4 | |a 362.7 |b ESG |2 21 |
| 100 | 0 | |a Esguerra Barry, R |e author |9 338380 | |
| 700 | 0 | |a Heyward, E. J |e author |9 338381 | |
| 700 | 0 | |a Montesinos V., V. R |e author |9 338382 | |
| 700 | 0 | |a Safilios-Rothschild, C |e author |9 338383 | |
| 245 | 1 | 3 | |a El niño y el joven: motores del desarrollo |
| 300 | |a 192 p | ||
| 942 | |c BK | ||
| 945 | |d 19950616 00:00:00 |a cmena | ||
| 260 | |a Buenos Aires |b Paidós |c 1972 | ||
| 650 | 0 | |a Desarrollo económico y social |9 256320 | |
| 650 | 0 | |a Niños |9 255605 | |
| 650 | 0 | |a Juventud |9 271073 | |
| 650 | 0 | |a Planificación del desarrollo |9 326796 | |
| 650 | 0 | |a Problemas sociales |9 258537 | |
| 650 | 7 | |a NIÑOS SOCIALMENTE DESFAVORECIDOS |2 CL-VaPUC |9 323883 | |
| 651 | 0 | |a América Latina |9 255027 | |
| 583 | |a last modification |c 20120902 07:44:31 |k Rodrigo Vera | ||
| 490 | 0 | |a Biblioteca del Educador Contemporáneo, 157 | |
| 999 | |c 235015 |d 235013 | ||
| 952 | |0 0 |1 0 |4 0 |6 362_700000000000000_ESG_1972 |7 0 |8 P |9 242097 |a BIBEDU |b BIBEDU |c BIBEDU_PB |d 2019-11-18 |i 1521063 |o 362.7 ESG 1972 |p 1521063 |r 2024-01-25 |w 2019-11-18 |y BK |k EDU | ||
| 952 | |0 0 |1 0 |4 0 |6 362_700000000000000_ESG_1972 |7 0 |8 P |9 242098 |a BIBEDU |b BIBEDU |c BIBEDU_PB |d 2019-11-18 |i 1629220 |o 362.7 ESG 1972 |p 1629220 |r 2024-01-25 |w 2019-11-18 |y BK |k EDU | ||
| 952 | |0 0 |1 0 |4 0 |6 362_700000000000000_ESG_1972 |7 0 |8 A |9 242099 |a BIBGIM |b BIBGIM |d 2019-11-18 |i 3371638 |o 362.7 ESG 1972 |p 3371638 |r 2025-01-15 |w 2019-11-18 |y BK |k GIM | ||